<?xml version="1.0" encoding="UTF-8"?>
<record
    xmlns:xsi="http://www.w3.org/2001/XMLSchema-instance"
    xsi:schemaLocation="http://www.loc.gov/MARC21/slim http://www.loc.gov/standards/marcxml/schema/MARC21slim.xsd"
    xmlns="http://www.loc.gov/MARC21/slim">

  <leader>00634nam a22002177a 4500</leader>
  <controlfield tag="003">OSt</controlfield>
  <controlfield tag="005">20140310182444.0</controlfield>
  <controlfield tag="008">130805t        xxu||||| |||| 00| 0 eng d</controlfield>
  <datafield tag="020" ind1=" " ind2=" ">
    <subfield code="a">9781451117073</subfield>
  </datafield>
  <datafield tag="050" ind1=" " ind2=" ">
    <subfield code="a">RM 301.14</subfield>
    <subfield code="b">.F56 2009</subfield>
  </datafield>
  <datafield tag="245" ind1=" " ind2=" ">
    <subfield code="a">Lippincott"s Illustrated Reviews : </subfield>
    <subfield code="b">Pharmacology /</subfield>
  </datafield>
  <datafield tag="250" ind1=" " ind2=" ">
    <subfield code="a">4th ed.</subfield>
  </datafield>
  <datafield tag="260" ind1=" " ind2=" ">
    <subfield code="a">Philadelphia :</subfield>
    <subfield code="b">Lippincott's Williams &amp; Wilkins,</subfield>
    <subfield code="c">c2009.</subfield>
  </datafield>
  <datafield tag="300" ind1=" " ind2=" ">
    <subfield code="a">xi. 564 p. :</subfield>
    <subfield code="b">ill. ;</subfield>
    <subfield code="c">26 cm.</subfield>
  </datafield>
  <datafield tag="650" ind1=" " ind2=" ">
    <subfield code="a">Pharmacology</subfield>
    <subfield code="x">Examination  Questions.</subfield>
    <subfield code="9">7620</subfield>
  </datafield>
  <datafield tag="650" ind1=" " ind2=" ">
    <subfield code="a">Pharcology</subfield>
    <subfield code="x">Outline.</subfield>
    <subfield code="9">7621</subfield>
  </datafield>
  <datafield tag="942" ind1=" " ind2=" ">
    <subfield code="2">lcc</subfield>
    <subfield code="c">SSLC</subfield>
  </datafield>
  <datafield tag="999" ind1=" " ind2=" ">
    <subfield code="c">13576</subfield>
    <subfield code="d">13576</subfield>
  </datafield>
  <datafield tag="952" ind1=" " ind2=" ">
    <subfield code="0">0</subfield>
    <subfield code="1">0</subfield>
    <subfield code="2">lcc</subfield>
    <subfield code="4">0</subfield>
    <subfield code="a">SSLC</subfield>
    <subfield code="b">SSLC-SC</subfield>
    <subfield code="c">SSLC</subfield>
    <subfield code="d">2013-08-05</subfield>
    <subfield code="e">DONATION</subfield>
    <subfield code="l">4</subfield>
    <subfield code="m">12</subfield>
    <subfield code="o">RM 301.14 .F56 2009</subfield>
    <subfield code="p">SSLC0950</subfield>
    <subfield code="r">2018-10-24 00:00:00</subfield>
    <subfield code="s">2018-08-31</subfield>
    <subfield code="t">1</subfield>
    <subfield code="w">2013-08-05</subfield>
    <subfield code="y">BK</subfield>
  </datafield>
  <datafield tag="952" ind1=" " ind2=" ">
    <subfield code="0">0</subfield>
    <subfield code="1">0</subfield>
    <subfield code="2">lcc</subfield>
    <subfield code="4">0</subfield>
    <subfield code="a">SSLC</subfield>
    <subfield code="b">SSLC</subfield>
    <subfield code="c">SSLC</subfield>
    <subfield code="d">2013-08-05</subfield>
    <subfield code="l">3</subfield>
    <subfield code="m">11</subfield>
    <subfield code="o">RM 301.14 .F56 2009</subfield>
    <subfield code="p">SSLC0951</subfield>
    <subfield code="r">2018-05-15 00:00:00</subfield>
    <subfield code="s">2018-02-05</subfield>
    <subfield code="t">2</subfield>
    <subfield code="w">2013-08-05</subfield>
    <subfield code="y">BK</subfield>
  </datafield>
  <datafield tag="952" ind1=" " ind2=" ">
    <subfield code="0">0</subfield>
    <subfield code="1">0</subfield>
    <subfield code="2">lcc</subfield>
    <subfield code="4">0</subfield>
    <subfield code="a">SSLC</subfield>
    <subfield code="b">CL</subfield>
    <subfield code="c">SSLC</subfield>
    <subfield code="d">2013-08-05</subfield>
    <subfield code="l">3</subfield>
    <subfield code="m">22</subfield>
    <subfield code="o">RM 301.14 .F56 2009</subfield>
    <subfield code="p">SSLC0952</subfield>
    <subfield code="r">2018-05-15 00:00:00</subfield>
    <subfield code="s">2018-02-05</subfield>
    <subfield code="t">3</subfield>
    <subfield code="w">2013-08-05</subfield>
    <subfield code="y">BK</subfield>
  </datafield>
</record>
